000 00676cam a2200181 4500
001 L129944
008 050607n1997 000 0 eng u
035 _a(Sirsi) u129944
041 _aeng
050 _a630.0212
110 _aDEFRA
245 _aFarm incomes in the United Kingdom 1997/98-
260 _aLondon
_bTSO
_c1997-
520 _aProvides a comprehensive analyses of income developments From 1997/98 onwards
690 _aENVIRONMENTAL AND LAND CONSULTANCY-AGRIBUSINESS-AGRICULTURE
856 _uhttps://www.defra.gov.uk/evidence/statistics/foodfarm/farmmanage/fbs/fiuk/documents/fiuk-1998.pdf
_zView the item free of charge at www.defra.gov.uk
942 _n0
999 _c104312
_d104312